000 00779nam a2200229Ia 4500
003 GCL
008 140319s9999 xx 000 0 ara d
040 _aGCL /
_cGCL
082 0 4 _a257.1
_bع ا
100 1 _aعلى عبدالرزاق حلبى
245 1 0 _aالاسلام واصول الحكم بحث فى الخلافة والحكومة فى الاسلام /
_cعلى عبدالرزاق حلبى
260 _a[S.N] :
_bالهيئة المصرية العامة للكتاب ،
_c1993
300 _a103
490 _aالتنوير
_v0
650 0 4 _aالاسلام
650 0 4 _aالخلافة
650 0 4 _aالاحكام السلطانية
650 0 4 _aالنظام السياسى
650 0 4 _aالامامة
650 0 4 _aنظام الحكم
942 _2ddc
_cBK
999 _c28664
_d28664